| 000 | 03518cam a2200421 i 4500 | ||
|---|---|---|---|
| 001 | ssj0001354124 | ||
| 003 | EG-ScBUE | ||
| 005 | 20240910093122.0 | ||
| 008 | 140902t2014 gw a f b 001 0 eng d | ||
| 020 | _a3662435101 | ||
| 020 | _a9783662435106 | ||
| 040 |
_aEG-ScBUE _beng _erda _cEG-ScBUE _dWaSeSS _dEG-ScBUE |
||
| 082 | 0 | 4 |
_222 _a510.285 _bLYC |
| 100 | 1 |
_aLyche, Tom, _eauthor. _940847 |
|
| 245 | 1 | 0 |
_aExercises in computational mathematics with MATLAB / _cTom Lyche, Jean-Louis Merrien. |
| 264 | 1 |
_aHeidelberg : _bSpringer-Verlage, _c[2014] |
|
| 264 | 4 | _cc2014 | |
| 300 |
_axii, 372 pages : _billustrations ; _c24 cm. |
||
| 336 |
_2rdacontent _atext _btxt |
||
| 337 |
_aunmediated _2rdamedia _bn |
||
| 338 |
_avolume _bnc _2rdacarrier |
||
| 490 | 0 | _aProblem books in mathematics | |
| 504 | _aIncludes bibliographical references and index. | ||
| 505 | _a1 An Introduction to MATLAB commands -- 2 Matrices and Linear Systems -- 3 Matrices, Eigenvalues and Eigenvectors -- 4 Matrices, Norms and Conditioning -- 5 Iterative Methods -- 6 Polynomial Interpolation -- 7 Bézier Curves and Bernstein Polynomials -- 8 Piecewise Polynomials, Interpolation and Applications -- 9 Approximation of Integrals -- 10 Linear Least Squares Methods -- 11 Continuous and Discrete Approximations -- 12 Ordinary Differential Equations, One Step Methods -- 13 Finite Differences for differential and partial differential equations. | ||
| 520 | _aDesigned to provide tools for independent study, this book contains student-tested mathematical exercises joined with MATLAB programming exercises. Most chapters open with a review followed by theoretical and programming exercises, with detailed solutions provided for all problems including programs. Many of the MATLAB exercises are presented as Russian dolls: each question improves and completes the previous program and results are provided to validate the intermediate programs. The book offers useful MATLAB commands, advice on tables, vectors, matrices and basic commands for plotting. It contains material on eigenvalues and eigenvectors and important norms of vectors and matrices including perturbation theory; iterative methods for solving nonlinear and linear equations; polynomial and piecewise polynomial interpolation; Bézier curves; approximations of functions and integrals and more. The last two chapters considers ordinary differential equations including two point boundary value problems, and deal with finite difference methods for some partial differential equations. The format is designed to assist students working alone, with concise Review paragraphs, Math Hint footnotes on the mathematical aspects of a problem and MATLAB Hint footnotes with tips on programming. | ||
| 650 | 7 |
_aMathematics _xData processing. _2BUEsh _923454 |
|
| 650 | 7 |
_aMATLAB. _2BUEsh _912878 |
|
| 650 | 7 |
_aComputer-aided design. _2BUEsh _93588 |
|
| 650 | 7 |
_aComputer science _xMathematics. _2BUEsh _93550 |
|
| 650 | 7 |
_aEngineering mathematics. _2BUEsh _93194 |
|
| 651 | _2BUEsh | ||
| 653 |
_bENGELC _cAugust 2016 |
||
| 655 | _vReading book | ||
| 700 | 1 |
_aMerrien, Jean-Louis, _eauthor. |
|
| 856 |
_aSpringerLink E-book Collection _uhttp://link.springer.com/book/10.1007/978-3-662-43511-3 _yFull text available on campus |
||
| 856 |
_aSpringerLink E-book Collection _uhttp://41.33.243.106:2048/login?url=http://www.springerlink.com/home/main.mpxhttp://link.springer.com/book/10.1007/978-3-662-43511-3 _yFull text available off campus |
||
| 942 |
_2ddc _cBB |
||
| 999 |
_c22221 _d22193 |
||